00273nam a2200109 a 4500008004100000050002000041245002700061246002300088260002600111300001700137350000900154120416s1957 ||||||||||||||||| || u aNA 5551.C47 Not10aNotre-Dame de Chartres aMonseigneur Michon aParisbHachettec1957 a107p. : ill. a0.00